Herodotus and his world : essays from a conference in memory of George Forrest /
This collection of essays illuminates Herodotus and the world in which he wrote. In addition to presenting a picture of Herodotean studies today, this volume provides a reminder of the insights and legacies of the work of George Forrest.
| Other Authors: | , |
|---|---|
| Format: | eBook |
| Language: | English |
| Published: |
Oxford ; New York :
Oxford University Press,
2003.
|
| Series: | Oxford scholarship online.
Oxford scholarship online. Classical Studies module. |
| Subjects: | |
| Online Access: | Connect to the full text of this electronic book |
MARC
| Tag | First Indicator | Second Indicator | Subfields |
|---|---|---|---|
| LEADER | 00000cam a2200000 a 4500 | ||
| 001 | in00005704621 | ||
| 005 | 20260318175229.1 | ||
| 006 | m o d | ||
| 007 | cr cn||||auuuu | ||
| 008 | 020819s2003 enk ob 101 0 eng d | ||
| 010 | |a 2002033696 | ||
| 040 | |a LGG |b eng |e pn |c LGG |d UBY |d OCLCQ |d OTZ |d OCLCQ |d OCLCF |d OCLCO |d YDXCP |d OCL |d OCLCO |d OCLCQ |d COO |d OCLCQ |d STBDS |d OCLCA |d YDX |d OCLCO |d OCL |d OCLCQ |d OCLCO |d OCLCA |d U3W |d OCLCA |d YOU |d OCLCA |d SOI |d OCLCQ |d OCLCO |d HS0 |d UAB |d OCLCQ |d OCLCO |d AUD |d OCLCO |d OCLCQ |d OCLCL |d KAT |d OCLCL |d OCLCQ |d OCLCL | ||
| 019 | |a 1256357864 |a 1301928286 |a 1353613952 |a 1559456170 | ||
| 020 | |a 9780191719745 |q (ebook) | ||
| 020 | |a 0191719749 |q (ebook) | ||
| 020 | |z 9780199253746 |q (hc.) | ||
| 020 | |z 0199253749 |q (hc.) | ||
| 035 | |a (OCoLC)556971579 |z (OCoLC)1256357864 |z (OCoLC)1301928286 |z (OCoLC)1353613952 |z (OCoLC)1559456170 | ||
| 043 | |a e-gr--- | ||
| 050 | 4 | |a D56.52.H45 |b H48 2003eb | |
| 082 | 0 | 4 | |a 930 |2 21 |
| 084 | |a 18.43 |2 bcl | ||
| 084 | |a FH 23720 |2 rvk | ||
| 084 | |a NH 2303 |2 rvk | ||
| 084 | |a 6,12 |2 ssgn | ||
| 049 | |a TXAM | ||
| 245 | 0 | 0 | |a Herodotus and his world : |b essays from a conference in memory of George Forrest / |c edited by Peter Derow and Robert Parker. |
| 260 | |a Oxford ; |a New York : |b Oxford University Press, |c 2003. | ||
| 300 | |a 1 online resource (xiii, 376 pages) | ||
| 336 | |a text |b txt |2 rdacontent | ||
| 337 | |a computer |b c |2 rdamedia | ||
| 338 | |a online resource |b cr |2 rdacarrier | ||
| 490 | 1 | |a Oxford scholarship online | |
| 504 | |a Includes bibliographical references (pages 337-366) and indexes. | ||
| 505 | 0 | 0 | |g Part I. Narrative -- |g 1. |t Authorial voice and narrative management in Herodotus / |r Roger Brock -- |g 2. |t Pedestrian fatalities : the prosaics of death in Herodotus / |r Deborah Boedeker -- |g 3. |t Panionios of Chios and Hermotimos of Pedasa (Hdt. 8. 104-6) / |r Simon Hornblower -- |g 4. |t Herodotean chronology revisited / |r P.J. Rhodes -- |g 5. |t Who was actually buried in the first of the three Spartan Tombs (Hdt. 9. 85. 1)? : textual and historical problems / |r Dwora Gilula -- |g 6. |t The oldest 'new' military historians : Herodotos, W.G. Forrest, and the historiography of war / |r Eugenia C. Kiesling -- |
| 505 | 0 | 0 | |g Part II. People and Places -- |g 7. |t Herodotos (and others) on Pelasgians : some Perceptions of ethnicity / |r Christiane Sourvinou-Inwood -- |g 8. |t Herodotus' conception of historical space and the beginnings of universal history / |r Jose-Miguel Alonso-Nunez -- |g 9. |t 'Tradition' in Herodotus : the foundation of Cyrene / |r Irad Malkin. |g 10. |t Why did Herodotus not mention the Hanging Gardens of Babylon? / |r Stephanie Dalley -- |g 11. |t [Athenaioisi] [tetagmenoisi] [en] [temenei] [Erakleos] (Hdt. 6. 108. 1) / |r Angelos P. Matthaiou -- |g 12. |t Herodotos (8. 137-8), the Manumissions from Leukopetra, and the topography of the middle Haliakmon Valley / |r Miltiades Hatzopoulos -- |g 13. |t Cleisthenes (of Athens) and Corinth / |r John Salmon -- |
| 505 | 0 | 0 | |g Part III. Religion -- |g 14. |t Prophecy in reverse? : Herodotus and the origins of history / |r Thomas Harrison -- |g 15. |t Oracles for sale / |r Hugh Bowden -- |g 16. |t The common oracle of the Milesians and the Argives (Hdt. 6.19 and 77) / |r Marcel Pierart -- |g 17. |t Herodotus and the 'Resurrection' / |r John Gould -- |g Part IV. Herodotus and Athens -- |g 18. |t Herodotos and Athens / |r Robert Fowler -- |g 19. |t Democracy without theory / |r John Davies -- |t Indexes / |r Graham Shipley -- |g Select epigraphic index. |
| 588 | 0 | |a Print version record. | |
| 520 | 8 | |a This collection of essays illuminates Herodotus and the world in which he wrote. In addition to presenting a picture of Herodotean studies today, this volume provides a reminder of the insights and legacies of the work of George Forrest. | |
| 600 | 0 | 0 | |a Herodotus. |t History |v Congresses. |
| 600 | 0 | 6 | |a Hérodote. |t Histoires |v Congrès. |
| 630 | 0 | 7 | |a History (Herodotus) |2 fast |0 (OCoLC)fst01356346 |
| 600 | 0 | 7 | |a Herodotus |d ca. 485 v. Chr.-424 v. Chr. |2 gnd |
| 600 | 1 | 7 | |a Herodotus. |2 swd |
| 650 | 0 | |a History, Ancient |x Historiography |v Congresses. | |
| 650 | 0 | |a Historiography |z Greece |v Congresses. | |
| 650 | 6 | |a Histoire ancienne |x Historiographie |v Congrès. | |
| 650 | 6 | |a Historiographie |z Grèce |v Congrès. | |
| 650 | 7 | |a Historiography. |2 fast |0 (OCoLC)fst00958221 | |
| 650 | 7 | |a History, Ancient |x Historiography. |2 fast |0 (OCoLC)fst00958355 | |
| 651 | 7 | |a Greece. |2 fast |0 (OCoLC)fst01208380 |1 https://id.oclc.org/worldcat/entity/E39PBJxd6hw8HtWYq9JY6hjjYP | |
| 650 | 7 | |a Kongress |2 gnd | |
| 650 | 1 | 7 | |a Historiae (Herodotus) |2 gtt |
| 655 | 7 | |a Electronic books. |2 local | |
| 655 | 2 | |a Essay | |
| 655 | 4 | |a Kongress |z Oxford |y 2000. | |
| 655 | 7 | |a essays. |2 aat | |
| 655 | 7 | |a Essays. |2 fast |0 (OCoLC)fst01919922 | |
| 655 | 7 | |a Conference papers and proceedings. |2 fast |0 (OCoLC)fst01423772 | |
| 655 | 7 | |a Essays. |2 lcgft | |
| 655 | 7 | |a Essais. |2 rvmgf | |
| 700 | 1 | |a Derow, Peter. | |
| 700 | 1 | |a Parker, Robert, |d 1950- |1 https://id.oclc.org/worldcat/entity/E39PBJv8GhBBxwp8w3FCkqR3Qq | |
| 758 | |i has work: |a Herodotus and his world (Text) |1 https://id.oclc.org/worldcat/entity/E39PCH8VgKwHjt3jX68TX7hYCP |4 https://id.oclc.org/worldcat/ontology/hasWork | ||
| 776 | 0 | 8 | |i Print version : |z 9780199253746 |
| 830 | 0 | |a Oxford scholarship online. | |
| 830 | 0 | |a Oxford scholarship online. |p Classical Studies module. | |
| 856 | 4 | 0 | |u http://proxy.library.tamu.edu/login?url=https://academic.oup.com/book/9858 |z Connect to the full text of this electronic book |t 0 |
| 936 | |a BATCHLOAD | ||
| 955 | |a Oxford Scholarship Online | ||
| 994 | |a 92 |b TXA | ||
| 999 | f | f | |i 7cb1b16c-4dcc-4cc1-92a1-e0244607f08c |s 7368f4c1-3910-41c7-ad83-90b9f5cdb0d5 |t 0 |
| 952 | f | f | |a Texas A&M University |b College Station |c Electronic Resources |s www_evans |d Available Online |t 0 |e D56.52.H45 H48 2003eb |h Library of Congress classification |
| 998 | f | f | |a D56.52.H45 H48 2003eb |t 0 |l Available Online |